[Event "Varennes"]
[Site "Varennes CAN"]
[Date "2011.11.06"]
[Round "4"]
[White "Ramaswamy, Kiran"]
[Black "Libersan, Thierry"]
[Result "1/2-1/2"]
[WhiteElo "1921"]
[BlackElo "2111"]
[PlyCount "50"]
[GameId "2160767909573731"]
[EventDate "2011.11.04"]
[EventType "swiss"]
[EventRounds "5"]
[EventCountry "CAN"]
[SourceTitle "EXT 2022"]
[Source "ChessBase"]
[SourceDate "2021.10.06"]
[SourceVersion "1"]
[SourceVersionDate "2021.10.06"]
[SourceQuality "1"]

1. c4 Nf6 2. g3 c5 3. Bg2 Nc6 4. Nc3 g6 5. Nf3 Bg7 6. O-O O-O 7. d4 cxd4 8. Nxd4 Qa5 9. Nd5 Nxd5 10. Nxc6 bxc6 11. cxd5 cxd5 12. Qxd5 Qxd5 13. Bxd5 Rb8 14. Rb1 Bb7 15. Bxb7 Rxb7 16. Bg5 Bxb2 17. Bxe7 Re8 18. Bf6 Rxe2 19. Rfc1 Bxf6 20. Rxb7 Bd4 21. Rxd7 Bb6 22. a4 Rxf2 23. Kh1 Ra2 24. Rc4 g5 25. Rg4 h6 1/2-1/2

[Event "Varennes"]
[Site "Varennes CAN"]
[Date "2011.11.06"]
[Round "4"]
[White "Turcotte, Jonathan"]
[Black "Lopez Linares, Lizandro"]
[Result "0-1"]
[WhiteElo "1969"]
[BlackElo "2085"]
[PlyCount "114"]
[GameId "2160767909573733"]
[EventDate "2011.11.04"]
[EventType "swiss"]
[EventRounds "5"]
[EventCountry "CAN"]
[SourceTitle "EXT 2022"]
[Source "ChessBase"]
[SourceDate "2021.10.06"]
[SourceVersion "1"]
[SourceVersionDate "2021.10.06"]
[SourceQuality "1"]

1. d4 Nf6 2. c4 c5 3. d5 b5 4. cxb5 a6 5. b6 d6 6. Nc3 Qxb6 7. e4 g6 8. Nf3 Bg7 9. Be2 O-O 10. O-O Bg4 11. Nd2 Bxe2 12. Qxe2 e6 13. Nc4 Qc7 14. dxe6 fxe6 15. Rd1 Nc6 16. Be3 Rfd8 17. Rd2 Nh5 18. Rad1 Nd4 19. Qg4 Qf7 20. Bg5 Rd7 21. f3 Rb8 22. b3 h6 23. Be3 d5 24. exd5 exd5 25. Na3 Rbd8 26. Ne2 Nxe2+ 27. Rxe2 d4 28. Bf2 d3 29. Re6 Nf4 30. Re4 Ne2+ 31. Kf1 Nc3 32. Rd2 Nxe4 33. Qxe4 Bc3 34. Rd1 Re8 35. Qc4 Qxc4 36. Nxc4 Re2 37. a4 Ra2 38. Bxc5 Kf7 39. Be3 g5 40. Bd2 Bxd2 41. Rxd2 Rxd2 42. Nxd2 Ke6 43. Kf2 Kd5 44. Ke3 Kc5 45. Ne4+ Kb4 46. g3 Rd8 47. Kd2 Kxb3 48. Nc5+ Kc4 49. Nxa6 Re8 50. Nc7 Re2+ 51. Kd1 Ra2 52. Nb5 Rxa4 53. Nd6+ Kd5 54. Nf5 Ra2 55. h4 gxh4 56. gxh4 h5 57. Ng3 Kd4 0-1

[Event "Varennes"]
[Site "Varennes CAN"]
[Date "2011.11.06"]
[Round "5"]
[White "Cote-Lalumiere, Tristan"]
[Black "Turcotte, Jonathan"]
[Result "0-1"]
[WhiteElo "1918"]
[BlackElo "1969"]
[PlyCount "110"]
[GameId "2160767909573735"]
[EventDate "2011.11.04"]
[EventType "swiss"]
[EventRounds "5"]
[EventCountry "CAN"]
[SourceTitle "EXT 2022"]
[Source "ChessBase"]
[SourceDate "2021.10.06"]
[SourceVersion "1"]
[SourceVersionDate "2021.10.06"]
[SourceQuality "1"]

1. e4 e5 2. f4 Bc5 3. Nf3 d6 4. d4 exd4 5. Bd3 Nf6 6. Nbd2 O-O 7. h3 Nh5 8. Nf1 f5 9. Bc4+ Kh8 10. Ng5 Qe8 11. Bf7 Rxf7 12. Qxh5 g6 13. Nxf7+ Qxf7 14. Qg5 Nc6 15. h4 fxe4 16. Ng3 d5 17. h5 Be7 18. hxg6 Bxg5 19. gxf7 Be7 20. f5 Bd7 21. Nh5 Rf8 22. f6 Bb4+ 23. Bd2 Rxf7 24. O-O-O Bxd2+ 25. Kxd2 e3+ 26. Kc1 Bg4 27. Rde1 Ne5 28. Nf4 c6 29. Rh6 Nd7 30. Rh4 Bf5 31. g4 Be4 32. g5 Ne5 33. Re2 Kg8 34. Ne6 Nf3 35. Rh6 Bf5 36. Nf4 Ne5 37. Rh4 b6 38. Rh6 Be4 39. b3 c5 40. Rh4 Rd7 41. Nh5 Nf7 42. Reh2 Rd8 43. Nf4 Re8 44. Kd1 Nxg5 45. Kc1 Kf7 46. Rh5 Rg8 47. Rh6 Nf3 48. Rh1 Rg1+ 49. Kb2 Rxh1 50. Rxh1 Kxf6 51. Kc1 Kg5 52. Ne2 h5 53. Ng3 h4 54. Nxe4+ dxe4 55. Kd1 d3 0-1

[Event "Varennes"]
[Site "Varennes CAN"]
[Date "2011.11.06"]
[Round "5"]
[White "Gagnon, Serge"]
[Black "Trottier, Emile"]
[Result "1-0"]
[WhiteElo "2113"]
[BlackElo "2160"]
[PlyCount "81"]
[GameId "2160767909573736"]
[EventDate "2011.11.04"]
[EventType "swiss"]
[EventRounds "5"]
[EventCountry "CAN"]
[SourceTitle "EXT 2022"]
[Source "ChessBase"]
[SourceDate "2021.10.06"]
[SourceVersion "1"]
[SourceVersionDate "2021.10.06"]
[SourceQuality "1"]

1. d4 e6 2. c4 f5 3. Nc3 Nf6 4. g3 d5 5. Bg2 c6 6. cxd5 exd5 7. Nf3 Bd6 8. O-O O-O 9. Bg5 Nbd7 10. Qd3 Qe8 11. Qe3 Ne4 12. Bf4 Bxf4 13. Qxf4 h6 14. Rfe1 g5 15. Qc1 f4 16. Nxe4 dxe4 17. Nd2 Nf6 18. Nc4 Qh5 19. Ne5 Bh3 20. Qc4+ Kg7 21. Qb3 Bxg2 22. Qxb7+ Kg8 23. Qb3+ Nd5 24. Kxg2 Rab8 25. Qa3 Ne3+ 26. fxe3 f3+ 27. exf3 exf3+ 28. Kh1 f2 29. Rf1 Rbe8 30. e4 c5 31. g4 Qh4 32. Qxc5 Rf4 33. Qc4+ Kg7 34. Qc7+ Kg8 35. Ng6 Qxg4 36. Nxf4 Qf3+ 37. Ng2 Rf8 38. Qg3 Qe2 39. Rac1 a6 40. Qe3 Qxb2 41. Qb3+ 1-0

[Event "Varennes"]
[Site "Varennes CAN"]
[Date "2011.11.06"]
[Round "5"]
[White "Le Duin, Thierry"]
[Black "Girouard, Michel"]
[Result "1/2-1/2"]
[WhiteElo "1944"]
[BlackElo "1853"]
[PlyCount "64"]
[GameId "2160767909573738"]
[EventDate "2011.11.04"]
[EventType "swiss"]
[EventRounds "5"]
[EventCountry "CAN"]
[SourceTitle "EXT 2022"]
[Source "ChessBase"]
[SourceDate "2021.10.06"]
[SourceVersion "1"]
[SourceVersionDate "2021.10.06"]
[SourceQuality "1"]

1. d4 f5 2. c4 g6 3. Nc3 Nf6 4. g3 Bg7 5. Bg2 O-O 6. Nf3 d6 7. O-O Nc6 8. Re1 e5 9. dxe5 dxe5 10. Qxd8 Rxd8 11. Bg5 e4 12. Nh4 Be6 13. c5 Rd7 14. Rac1 Kf7 15. f3 exf3 16. Nxf3 Nd5 17. Bd2 h6 18. b3 Rad8 19. Nxd5 Bxd5 20. Bc3 Be4 21. a3 Bxc3 22. Rxc3 Kf6 23. b4 a6 24. Kf2 Nd4 25. Nxd4 Rxd4 26. Bxe4 Rxe4 27. e3 c6 28. Re2 Re5 29. Kf3 Rd1 30. e4 Rf1+ 31. Kg2 Rd1 32. Kf3 Rf1+ 1/2-1/2

[Event "Varennes"]
[Site "Varennes CAN"]
[Date "2011.11.06"]
[Round "5"]
[White "Lopez Linares, Lizandro"]
[Black "Papineau, Daniel"]
[Result "1-0"]
[WhiteElo "2085"]
[BlackElo "2078"]
[PlyCount "91"]
[GameId "2160767909573739"]
[EventDate "2011.11.04"]
[EventType "swiss"]
[EventRounds "5"]
[EventCountry "CAN"]
[SourceTitle "EXT 2022"]
[Source "ChessBase"]
[SourceDate "2021.10.06"]
[SourceVersion "1"]
[SourceVersionDate "2021.10.06"]
[SourceQuality "1"]

1. d4 Nf6 2. c4 e6 3. Nf3 b6 4. g3 Ba6 5. b3 d5 6. Bg2 Bb4+ 7. Bd2 Be7 8. Qc2 c6 9. O-O Nbd7 10. Rd1 Rc8 11. Bc3 Ne4 12. Bb2 f5 13. Ne5 O-O 14. f3 Nxe5 15. dxe5 Bc5+ 16. Bd4 Bxd4+ 17. Rxd4 Qg5 18. f4 Qh6 19. Nc3 Nc5 20. Rad1 Kh8 21. h4 Nd7 22. Qd2 Nb8 23. cxd5 cxd5 24. Ra4 Qg6 25. Kf2 Qf7 26. b4 Qc7 27. Ra3 Bc4 28. e3 Rfd8 29. Rc1 Qe7 30. Ne2 a5 31. Nd4 Na6 32. h5 Nxb4 33. Rac3 Rc5 34. a3 Na2 35. Rxc4 dxc4 36. Qxa2 Rdc8 37. a4 Qd7 38. Rc3 h6 39. Bf1 Qd5 40. Bg2 Qd7 41. Bf3 Rd5 42. Rxc4 Rdc5 43. Rxc5 bxc5 44. Qxe6 Qd8 45. Nxf5 c4 46. Nd6 1-0

[Event "Varennes"]
[Site "Varennes CAN"]
[Date "2011.11.06"]
[Round "5"]
[White "Ramaswamy, Kiran"]
[Black "Poulin, Mathieu"]
[Result "1/2-1/2"]
[WhiteElo "1921"]
[BlackElo "2022"]
[PlyCount "125"]
[GameId "2160767909573740"]
[EventDate "2011.11.04"]
[EventType "swiss"]
[EventRounds "5"]
[EventCountry "CAN"]
[SourceTitle "EXT 2022"]
[Source "ChessBase"]
[SourceDate "2021.10.06"]
[SourceVersion "1"]
[SourceVersionDate "2021.10.06"]
[SourceQuality "1"]

1. c4 Nf6 2. g3 e6 3. Bg2 d5 4. cxd5 exd5 5. Nf3 Nbd7 6. O-O Be7 7. b3 O-O 8. Ba3 Re8 9. Bxe7 Qxe7 10. Nc3 c6 11. Rb1 Qb4 12. Re1 Ne5 13. Qc2 Bg4 14. Nxe5 Rxe5 15. e4 dxe4 16. Nxe4 Bf5 17. d3 Nd7 18. Re3 Rae8 19. Rbe1 Nb6 20. Nc3 Qd4 21. Be4 Bg6 22. Bxg6 hxg6 23. Re4 Qd6 24. Qe2 Nd7 25. d4 Rxe4 26. Nxe4 Qxd4 27. Rd1 Rxe4 28. Rxd4 Rxe2 29. Rxd7 Rxa2 30. Rxb7 a5 31. Ra7 Ra3 32. Ra6 Rxb3 33. Rxc6 a4 34. Ra6 a3 35. Kg2 Kh7 36. Ra7 f6 37. Ra8 Kh6 38. Ra5 g5 39. h3 Kg6 40. Ra6 Kf5 41. Ra5+ Ke4 42. Ra7 Kd3 43. Rxg7 a2 44. Ra7 Rb2 45. Kf3 Kc2 46. Kg4 Kb1 47. f4 gxf4 48. gxf4 a1=Q 49. Rxa1+ Kxa1 50. Kf5 Rf2 51. Kxf6 Rxf4+ 52. Kg5 Rf1 53. h4 Rg1+ 54. Kf6 Rh1 55. Kg5 Kb2 56. h5 Kc3 57. h6 Kd4 58. Kg6 Ke5 59. h7 Ke6 60. Kg7 Ke7 61. h8=Q Rg1+ 62. Kh6 Rh1+ 63. Kg7 1/2-1/2

[Event "Varennes U1500"]
[Site "Varennes CAN"]
[Date "2011.11.04"]
[Round "1"]
[White "Breton, Jules"]
[Black "Tremblay, Alain2"]
[Result "0-1"]
[WhiteElo "1422"]
[BlackElo "1290"]
[PlyCount "84"]
[GameId "2160767909573741"]
[EventDate "2011.11.04"]
[EventType "swiss"]
[EventRounds "5"]
[EventCountry "CAN"]
[SourceTitle "hb 2011"]

1. d4 d5 2. c4 c6 3. cxd5 cxd5 4. g3 Nf6 5. Nc3 e6 6. a3 a6 7. Bg2 Nc6 8. Nf3 Bd6 9. O-O O-O 10. Re1 Ne4 11. Qc2 f5 12. e3 b5 13. Nxe4 fxe4 14. Qxc6 Ra7 15. Qc2 exf3 16. Bh1 Rc7 17. Qd1 Rcf7 18. e4 Bb7 19. e5 Be7 20. Re3 Bg5 21. Rc3 h6 22. Bxf3 g6 23. Kg2 h5 24. Qc2 Kg7 25. Bd2 h4 26. Bxg5 Qxg5 27. Qe2 Rf4 28. Kh1 Rxd4 29. Rc7+ Rf7 30. Rxf7+ Kxf7 31. Bg2 Rd2 32. Qf3+ Kg7 33. Qc3 Rxf2 34. Kg1 d4 35. Qc7+ Rf7 36. Qc1 Qxe5 37. Qd2 hxg3 38. hxg3 Qxg3 39. Rd1 e5 40. Re1 Bxg2 41. Qxg2 Qxe1+ 42. Kh2 Rf2 0-1

[Event "Varennes U1500"]
[Site "Varennes CAN"]
[Date "2011.11.04"]
[Round "1"]
[White "Isabel, Patrick"]
[Black "Montreuil, Carl"]
[Result "0-1"]
[WhiteElo "989"]
[BlackElo "1306"]
[PlyCount "69"]
[GameId "2160767909573742"]
[EventDate "2011.11.04"]
[EventType "swiss"]
[EventRounds "5"]
[EventCountry "CAN"]
[SourceTitle "hb 2011"]

1. d4 Nf6 2. Nc3 e6 3. e4 d6 4. Nf3 Be7 5. Bd3 a6 6. O-O b5 7. Re1 Bb7 8. h3 h6 9. e5 Nfd7 10. Bf4 d5 11. Qd2 c5 12. Ne2 c4 13. Bg6 fxg6 14. g3 g5 15. Be3 Nc6 16. a3 Nb6 17. c3 a5 18. Kg2 O-O 19. Rh1 Qe8 20. h4 Qh5 21. Ne1 gxh4 22. Nf4 Qg4 23. f3 Qxg3+ 24. Kf1 Rxf4 25. Bxf4 Qg6 26. Rg1 Bg5 27. Bxg5 hxg5 28. Rxg5 Qh6 29. Kf2 h3 30. Nc2 Qh4+ 31. Ke2 Ne7 32. Rag1 g6 33. Rh5 Qxh5 34. Kd1 Rf8 35. Qg2 0-1

[Event "Varennes U1500"]
[Site "Varennes CAN"]
[Date "2011.11.04"]
[Round "1"]
[White "Labine, Daniel"]
[Black "Jomphe, Denis"]
[Result "1-0"]
[WhiteElo "1293"]
[BlackElo "1257"]
[PlyCount "63"]
[GameId "2160767909573743"]
[EventDate "2011.11.04"]
[EventType "swiss"]
[EventRounds "5"]
[EventCountry "CAN"]
[SourceTitle "hb 2011"]

1. e4 e5 2. Nf3 Nc6 3. d4 exd4 4. Nxd4 Nxd4 5. Qxd4 Qf6 6. Be3 Be7 7. Nc3 Qxd4 8. Bxd4 Bf6 9. e5 Bg5 10. h4 Be7 11. Nd5 Kd8 12. O-O-O Nh6 13. Bd3 c6 14. Nxe7 Kxe7 15. f4 d6 16. exd6+ Kf8 17. Rhe1 Be6 18. Rd2 b6 19. Be4 Rc8 20. Bc3 Bd7 21. Rf1 f5 22. Bf3 Rg8 23. Re1 g6 24. Re7 Rd8 25. Rxh7 Nf7 26. Bf6 Rc8 27. Re2 Nxd6 28. Be7+ Ke8 29. Bxd6+ Kd8 30. Ree7 Be8 31. Rxa7 b5 32. Be7# 1-0

[Event "Varennes U1500"]
[Site "Varennes CAN"]
[Date "2011.11.04"]
[Round "1"]
[White "Pincince, Jacques"]
[Black "Plouffe, Michel"]
[Result "1-0"]
[WhiteElo "1410"]
[BlackElo "1104"]
[PlyCount "61"]
[GameId "2160767909573744"]
[EventDate "2011.11.04"]
[EventType "swiss"]
[EventRounds "5"]
[EventCountry "CAN"]
[SourceTitle "hb 2011"]

1. e4 e5 2. Bc4 Bc5 3. Nf3 d6 4. h3 Nf6 5. d3 O-O 6. O-O Nc6 7. Bg5 h6 8. Bh4 Nd4 9. Nbd2 Be6 10. Nxd4 Bxd4 11. c3 Bb6 12. Kh1 g5 13. Bg3 Qd7 14. Bxe6 Qxe6 15. Nf3 g4 16. hxg4 Nxg4 17. Nh4 h5 18. Nf5 f6 19. Qd2 Kf7 20. f3 Rh8 21. d4 Rh7 22. fxg4 hxg4+ 23. Bh4 Rah8 24. g3 exd4 25. cxd4 Qxe4+ 26. Kg1 Rh5 27. Rae1 Qd5 28. Ne3 Ba5 29. Rxf6+ Kg7 30. Qc2 Qxd4 31. Qg6# 1-0

[Event "Varennes U1500"]
[Site "Varennes CAN"]
[Date "2011.11.04"]
[Round "1"]
[White "Plante, Santiago"]
[Black "Guentchev, Radoslav"]
[Result "0-1"]
[WhiteElo "1137"]
[BlackElo "1412"]
[PlyCount "106"]
[GameId "2160767909573745"]
[EventDate "2011.11.04"]
[EventType "swiss"]
[EventRounds "5"]
[EventCountry "CAN"]
[SourceTitle "hb 2011"]

1. e4 e5 2. Nf3 Nf6 3. Nc3 Nc6 4. Bb5 d6 5. Bxc6+ bxc6 6. O-O Bg4 7. Re1 Be7 8. h3 Bh5 9. d3 O-O 10. Re3 d5 11. exd5 cxd5 12. Rxe5 d4 13. Ne4 Bg6 14. Nxf6+ Bxf6 15. Rc5 Qd6 16. Rc4 Bf5 17. b3 Be6 18. Ra4 c5 19. Bg5 Bd7 20. Ra5 Qb6 21. Qd2 Bc6 22. Bxf6 Bxf3 23. Bxg7 Qg6 24. g3 Qxg7 25. Rxc5 f5 26. Qf4 Bh5 27. Rxf5 Bg6 28. Rxf8+ Rxf8 29. Qg4 Qf6 30. Qe2 Re8 31. Qd2 Qf3 32. Re1 Rf8 33. Qe2 Qxe2 34. Rxe2 Rc8 35. g4 a5 36. f4 a4 37. f5 axb3 38. axb3 Bf7 39. Kf2 Rc3 40. Kf3 Bd5+ 41. Kf4 Kf7 42. Ke5 Bxb3 43. cxb3 Rxd3 44. b4 Re3+ 45. Kxd4 Rxe2 46. b5 Rh2 47. Kc5 Rxh3 48. b6 Ke7 49. Kc6 Rc3+ 50. Kb7 Kd6 51. g5 Rg3 52. Kb8 Rxg5 53. b7 Rxf5 0-1

[Event "Varennes U1500"]
[Site "Varennes CAN"]
[Date "2011.11.05"]
[Round "2"]
[White "Bergeron, Jean-Guy"]
[Black "Pincince, Jacques"]
[Result "1-0"]
[WhiteElo "1415"]
[BlackElo "1410"]
[PlyCount "109"]
[GameId "2160767909573746"]
[EventDate "2011.11.04"]
[EventType "swiss"]
[EventRounds "5"]
[EventCountry "CAN"]
[SourceTitle "hb 2011"]

1. c4 e5 2. g3 Bc5 3. e3 Nc6 4. Bg2 Nf6 5. Ne2 O-O 6. d4 exd4 7. exd4 Bb4+ 8. Nbc3 Re8 9. O-O d6 10. a3 Bxc3 11. Nxc3 h6 12. b4 Ne7 13. Bb2 c6 14. d5 Bd7 15. Ne4 Nxe4 16. Bxe4 Bh3 17. Qd4 f6 18. Rfd1 Rc8 19. dxc6 Nxc6 20. Bd5+ Be6 21. Qg4 Bxd5 22. Rxd5 Ne5 23. Bxe5 Rxe5 24. Rxd6 Qxd6 25. Qxc8+ Kh7 26. Qxb7 Qd4 27. Rf1 Re2 28. Qf3 Qxc4 29. Rd1 Re5 30. Qd3+ Qxd3 31. Rxd3 a5 32. f4 Rb5 33. Rd4 axb4 34. axb4 Kg6 35. g4 Kf7 36. Kf2 Ke6 37. Ke3 g6 38. Kd3 h5 39. h3 hxg4 40. hxg4 f5 41. g5 Rb7 42. Kc4 Rc7+ 43. Kb5 Rc8 44. Kb6 Rb8+ 45. Kc7 Rb5 46. Kc6 Rb8 47. b5 Rc8+ 48. Kb7 Rc1 49. b6 Ke7 50. Kb8 Rb1 51. b7 Rc1 52. Ra4 Rd1 53. Ka7 Rd7 54. Rb4 Ke8 55. Ka8 1-0

[Event "Varennes U1500"]
[Site "Varennes CAN"]
[Date "2011.11.05"]
[Round "2"]
[White "Coupal, Gerald"]
[Black "Jomphe, Denis"]
[Result "1-0"]
[WhiteElo "1163"]
[BlackElo "1257"]
[PlyCount "99"]
[GameId "2160767909573747"]
[EventDate "2011.11.04"]
[EventType "swiss"]
[EventRounds "5"]
[EventCountry "CAN"]
[SourceTitle "EXT 2022"]
[Source "ChessBase"]
[SourceDate "2021.10.06"]
[SourceVersion "1"]
[SourceVersionDate "2021.10.06"]
[SourceQuality "1"]

1. e4 d6 2. d4 Nf6 3. Nc3 g6 4. Nf3 Bg7 5. Bc4 O-O 6. O-O c5 7. dxc5 dxc5 8. Be3 Qd6 9. Qe2 Nfd7 10. Rad1 Qc7 11. Nd5 Qd8 12. c3 Nc6 13. Bg5 h6 14. Bf4 e5 15. Bg3 Kh7 16. Rd2 a6 17. a3 b5 18. Ba2 Ra7 19. Rfd1 Qe8 20. Bh4 f6 21. Ne3 Ndb8 22. Rd6 Rd7 23. h3 c4 24. b3 Rxd6 25. Rxd6 Qe7 26. Qd2 Rd8 27. Rxd8 Nxd8 28. Nd5 Qf7 29. bxc4 Be6 30. cxb5 axb5 31. Qd3 Qe8 32. Nc7 Qe7 33. Nxe6 Nxe6 34. Qxb5 Nd7 35. Qb4 Nec5 36. Bd5 Qd8 37. a4 Qc8 38. Nd2 g5 39. Bg3 Bf8 40. Qb5 Nb8 41. Nb3 Nca6 42. Qb7+ Qxb7 43. Bxb7 Nc7 44. f3 Kg7 45. Bf2 Nd7 46. a5 Nb5 47. Bc6 Nxc3 48. Bxd7 Ne2+ 49. Kf1 Bb4 50. a6 1-0

[Event "Varennes U1500"]
[Site "Varennes CAN"]
[Date "2011.11.05"]
[Round "2"]
[White "Isabel, Patrick"]
[Black "Plouffe, Michel"]
[Result "1-0"]
[WhiteElo "989"]
[BlackElo "1104"]
[PlyCount "68"]
[GameId "2160767909573748"]
[EventDate "2011.11.04"]
[EventType "swiss"]
[EventRounds "5"]
[EventCountry "CAN"]
[SourceTitle "hb 2011"]

1. d4 e6 2. e4 d5 3. e5 c5 4. Nf3 Nc6 5. Bb5 Qb6 6. Nc3 Bd7 7. Be3 c4 8. a3 Nge7 9. Ng5 Nf5 10. Qf3 h6 11. Nh3 Nfxd4 12. Qd1 Bc5 13. Bxc6 Nxc6 14. Na4 Qa5+ 15. c3 Bxe3 16. fxe3 Nxe5 17. O-O Bxa4 18. Qh5 Qc7 19. Nf4 O-O 20. Rf2 Nd3 21. Rf3 Nxf4 22. Rxf4 f5 23. Raf1 Rf6 24. R1f3 Qb6 25. Rf2 Qxe3 26. g4 e5 27. Rxf5 Rxf5 28. Qxf5 Qg5 29. Qe6+ Kh7 30. Rf7 Qc1+ 31. Kg2 Qxb2+ 32. Kh3 e4 33. g5 e3 34. Qxh6+ Kg8 1-0

[Event "Varennes U1500"]
[Site "Varennes CAN"]
[Date "2011.11.05"]
[Round "2"]
[White "Tremblay, Alain2"]
[Black "Bureau, Robert"]
[Result "1-0"]
[WhiteElo "1290"]
[BlackElo "1310"]
[PlyCount "65"]
[GameId "2160767909573749"]
[EventDate "2011.11.04"]
[EventType "swiss"]
[EventRounds "5"]
[EventCountry "CAN"]
[SourceTitle "hb 2011"]

1. e4 e5 2. Nf3 Nc6 3. Nc3 Nf6 4. Bb5 d6 5. h3 Bd7 6. d3 Be7 7. Bg5 O-O 8. O-O a6 9. Bxc6 Bxc6 10. Nh4 Nxe4 11. Bxe7 Qxe7 12. Nf5 Qf6 13. dxe4 Bxe4 14. Nxe4 Qxf5 15. Ng3 Qe6 16. Qd3 f5 17. b3 Kh8 18. Rae1 f4 19. Ne4 Rf5 20. c4 Raf8 21. f3 Rh5 22. Kh2 Rff5 23. Rg1 Rxh3+ 24. gxh3 Rh5 25. Rg4 Qh6 26. Qf1 Qe6 27. Qg2 Qf7 28. Ng5 Qf6 29. Rg1 g6 30. Ne4 Qf5 31. Rg5 Rxg5 32. Qxg5 Qf7 33. Qf6+ 1-0

[Event "Varennes U1500"]
[Site "Varennes CAN"]
[Date "2011.11.05"]
[Round "3"]
[White "Guentchev, Radoslav"]
[Black "Tremblay, Alain2"]
[Result "1-0"]
[WhiteElo "1412"]
[BlackElo "1290"]
[PlyCount "57"]
[GameId "2160767909573750"]
[EventDate "2011.11.04"]
[EventType "swiss"]
[EventRounds "5"]
[EventCountry "CAN"]
[SourceTitle "EXT 2022"]
[Source "ChessBase"]
[SourceDate "2021.10.06"]
[SourceVersion "1"]
[SourceVersionDate "2021.10.06"]
[SourceQuality "1"]

1. d4 Nf6 2. Nf3 d6 3. c3 Bg4 4. Qb3 b6 5. Bg5 Ne4 6. Qd5 Bxf3 7. exf3 Nxg5 8. Bb5+ c6 9. Bxc6+ Nxc6 10. Qxc6+ Qd7 11. Qxa8+ Qd8 12. Qxd8+ Kxd8 13. Nd2 d5 14. O-O-O e6 15. f4 Ne4 16. Nxe4 dxe4 17. d5 Kc7 18. dxe6 fxe6 19. Rhe1 Bc5 20. Rxe4 Rf8 21. f3 Rf6 22. Rde1 Kd6 23. b4 Bf2 24. Rd1+ Ke7 25. Re2 Bh4 26. g3 Bg5 27. fxg5 Rxf3 28. Kc2 Rf5 29. Rde1 1-0

[Event "Varennes U1500"]
[Site "Varennes CAN"]
[Date "2011.11.05"]
[Round "3"]
[White "Jomphe, Denis"]
[Black "Gervais, Yves"]
[Result "1-0"]
[WhiteElo "1257"]
[BlackElo "1024"]
[PlyCount "47"]
[GameId "2160767909573751"]
[EventDate "2011.11.04"]
[EventType "swiss"]
[EventRounds "5"]
[EventCountry "CAN"]
[SourceTitle "EXT 2022"]
[Source "ChessBase"]
[SourceDate "2021.10.06"]
[SourceVersion "1"]
[SourceVersionDate "2021.10.06"]
[SourceQuality "1"]

1. e4 e5 2. Nf3 Nc6 3. d4 exd4 4. Nxd4 d5 5. Bb5 Qf6 6. exd5 Qe5+ 7. Qe2 Bd7 8. dxc6 Qxe2+ 9. Kxe2 bxc6 10. Bxc6 Bxc6 11. Nxc6 a5 12. Rd1 Be7 13. Bf4 Ra6 14. Nxe7 Re6+ 15. Kf1 Nxe7 16. Nc3 O-O 17. Bxc7 Nc6 18. Rd5 Nb4 19. Rd2 Nc6 20. a3 h6 21. Rad1 Kh7 22. Nd5 Rfe8 23. Bf4 a4 24. Nc7 1-0

[Event "Varennes U1500"]
[Site "Varennes CAN"]
[Date "2011.11.05"]
[Round "3"]
[White "Labine, Daniel"]
[Black "Poulin, Marc"]
[Result "1-0"]
[WhiteElo "1293"]
[BlackElo "1068"]
[PlyCount "31"]
[GameId "2160767909573752"]
[EventDate "2011.11.04"]
[EventType "swiss"]
[EventRounds "5"]
[EventCountry "CAN"]
[SourceTitle "EXT 2022"]
[Source "ChessBase"]
[SourceDate "2021.10.06"]
[SourceVersion "1"]
[SourceVersionDate "2021.10.06"]
[SourceQuality "1"]

1. e4 e5 2. Nf3 Nf6 3. Nxe5 d6 4. Nf3 Nxe4 5. d4 d5 6. Bd3 Nc6 7. O-O Be7 8. Re1 f5 9. c4 Nb4 10. Nc3 Nxc3 11. bxc3 Nxd3 12. Qxd3 c6 13. Bg5 dxc4 14. Qe3 Kf7 15. Bxe7 Qxe7 16. Qxe7+ 1-0

[Event "Varennes U1500"]
[Site "Varennes CAN"]
[Date "2011.11.05"]
[Round "3"]
[White "Pincince, Jacques"]
[Black "Plante, Santiago"]
[Result "1-0"]
[WhiteElo "1410"]
[BlackElo "1137"]
[PlyCount "55"]
[GameId "2160767909573753"]
[EventDate "2011.11.04"]
[EventType "swiss"]
[EventRounds "5"]
[EventCountry "CAN"]
[SourceTitle "EXT 2022"]
[Source "ChessBase"]
[SourceDate "2021.10.06"]
[SourceVersion "1"]
[SourceVersionDate "2021.10.06"]
[SourceQuality "1"]

1. e4 e6 2. g3 d5 3. exd5 exd5 4. d4 Nf6 5. Bg2 Nc6 6. Nf3 Bg4 7. O-O Qd7 8. Re1+ Be7 9. Bg5 O-O-O 10. c3 Qf5 11. Nbd2 h6 12. Be3 Nh7 13. b4 Ng5 14. h4 Nxf3+ 15. Bxf3 Bh3 16. Kh2 g5 17. g4 Bd6+ 18. Kxh3 Qd3 19. h5 Qxc3 20. Rc1 Qxb4 21. Bxd5 Nxd4 22. Rc4 Qa3 23. Rxd4 Be5 24. Ra4 Qd3 25. Be4 Qc3 26. Rxa7 c6 27. Qb1 b5 28. Rc1 1-0

[Event "Varennes U1500"]
[Site "Varennes CAN"]
[Date "2011.11.05"]
[Round "3"]
[White "Plouffe, Michel"]
[Black "Montreuil, Carl"]
[Result "0-1"]
[WhiteElo "1104"]
[BlackElo "1306"]
[PlyCount "61"]
[GameId "2160767909573754"]
[EventDate "2011.11.04"]
[EventType "swiss"]
[EventRounds "5"]
[EventCountry "CAN"]
[SourceTitle "EXT 2022"]
[Source "ChessBase"]
[SourceDate "2021.10.06"]
[SourceVersion "1"]
[SourceVersionDate "2021.10.06"]
[SourceQuality "1"]

1. d4 Nf6 2. Nf3 g6 3. Nc3 Bg7 4. e4 d6 5. d5 O-O 6. Bf4 c5 7. Bd3 Nh5 8. Ne2 Bxb2 9. Rb1 Nxf4 10. Nxf4 Bc3+ 11. Nd2 e5 12. dxe6 fxe6 13. g3 Nc6 14. O-O Ne5 15. Nf3 c4 16. Nxe5 dxe5 17. Ne2 Qc7 18. Nxc3 cxd3 19. Qxd3 Bd7 20. Nb5 Qc6 21. Rfd1 Rad8 22. Nd6 Qc5 23. Rd2 Bc6 24. Rbd1 a6 25. Qb3 Rxd6 26. Qb2 Rxf2 27. Rxf2 Rxd1+ 28. Kg2 Bxe4+ 29. Kh3 Qxf2 30. Qxe5 Bg2+ 31. Kg4 0-1

[Event "Varennes U1500"]
[Site "Varennes CAN"]
[Date "2011.11.06"]
[Round "4"]
[White "Coupal, Gerald"]
[Black "Plouffe, Michel"]
[Result "1-0"]
[WhiteElo "1163"]
[BlackElo "1104"]
[PlyCount "87"]
[GameId "2160767909573755"]
[EventDate "2011.11.04"]
[EventType "swiss"]
[EventRounds "5"]
[EventCountry "CAN"]
[SourceTitle "EXT 2022"]
[Source "ChessBase"]
[SourceDate "2021.10.06"]
[SourceVersion "1"]
[SourceVersionDate "2021.10.06"]
[SourceQuality "1"]

1. e4 e5 2. Nc3 Bc5 3. Nf3 d6 4. Na4 Ne7 5. Nxc5 dxc5 6. Bc4 O-O 7. d3 h6 8. Nxe5 Kh8 9. Nxf7+ Rxf7 10. Bxf7 Nbc6 11. Be3 Ne5 12. Bb3 b6 13. h3 Qf8 14. Qe2 Qf6 15. O-O-O a5 16. Rhf1 a4 17. Bc4 a3 18. c3 Bd7 19. Bb3 Ba4 20. Bxa4 Rxa4 21. f4 N5c6 22. Qc2 Ra6 23. Rd2 Qf7 24. b3 Na7 25. d4 c4 26. b4 b5 27. d5 Nac8 28. g4 Nb6 29. d6 cxd6 30. Rxd6 Nec8 31. Rd8+ Kh7 32. e5+ g6 33. Qe4 Na4 34. Qd5 Qxd5 35. Rxd5 Ncb6 36. Bxb6 Nxb6 37. Rxb5 Na4 38. Rd1 Ra7 39. Ra5 Rxa5 40. bxa5 Nxc3 41. Rd7+ Kh8 42. a6 Nxa2+ 43. Kb1 Nc3+ 44. Ka1 1-0